Student Contest Problems and Prize Winning Solution: 1959-1962 /

Contiene diversos problemas de ingeniería química y sus soluciones.

Sábháilte in:
Sonraí bibleagrafaíochta
Údar corparáideach: American Institute of Chemical Engineers
Formáid: LEABHAR
Teanga:Béarla
Foilsithe / Cruthaithe: Nueva York, EUA : American Institute of Chemical Engineers, 1966
Ábhair:
Clibeanna: Cuir clib leis
Níl clibeanna ann, Bí ar an gcéad duine le clib a chur leis an taifead seo!

MARC

LEADER 00000nam^a2200000^a^4500
001 000020223
005 20250521000000.0
009 20260310084330.349
037 |a Acervo ITESO - Biblioteca 
041 |a ING 
082 |a 660. 2  |b AME 
110 |a American Institute of Chemical Engineers 
245 1 0 |a Student Contest Problems and Prize Winning Solution: 1959-1962 /  |c American Institute of Chemical Engineers. 
264 1 |a Nueva York, EUA :  |b American Institute of Chemical Engineers,  |c 1966 
300 |a 181 p. 
336 |a texto  |b txt  |2 rdacontenido 
337 |a sin mediación  |b n  |2 rdamedio 
338 |a volumen  |b nc  |2 rdasoporte 
520 |a Contiene diversos problemas de ingeniería química y sus soluciones. 
649 |a XX 
650 |a Ingeniería Química 
910 |a Fondo General 
920 |a Impresos - Libros 
930 |a Colección General 
905 |a 101 
901 |a 0202230100  |b IT1  |c ACC  |i 020223  |u 20250521 
902 |a https://opac.biblio.iteso.mx/vufind/Record/000020223